LEADER 01073cam0 22002891 450 001 SOBE00019904 005 20150525094213.0 100 $a20111122d1960 |||||ita|0103 ba 101 $aeng 102 $aGB 200 1 $a<>Round Table$aCharacters of Shakespeare?s Plays$fWilliam Hazlitt$gintroduction by Catherine MacDonald MacLean 210 $aLondon$cDent & Son$aNew York$cDutton & Co$d1960 215 $aX, 366 p.$d18 cm 225 2 $aEveryman's Library 410 1$1001SOBE00019908$12001 $a*Everyman's Library 700 1$aHazlitt$b, William$3SOBA00001784$4070$0163960 702 1$aMaclean, Catherine Macdonald$3SOBA00001789$4070 801 0$aIT$bUNISOB$c20150525$gRICA 850 $aUNISOB 852 $aUNISOB$j820$m96192 912 $aSOBE00019904 940 $aM 102 Monografia moderna SBN 941 $aM 957 $a820$b001744$fdono Brofferio$gSI$d96192$rdono Brofferio$1rovito$2UNISOB$3UNISOB$420111122113311.0$520111122152411.0$6carrano 996 $aRound table$9485143 996 $aCharacters of Shakespeares plays$9173178 997 $aUNISOB